Political science (Record no. 117893)

MARC details
000 -LEADER
fixed length control field 00544nam a2200217Ia 4500
003 - CONTROL NUMBER IDENTIFIER
control field OSt
005 - DATE AND TIME OF LATEST TRANSACTION
control field 20231201151046.0
008 - FIXED-LENGTH DATA ELEMENTS--GENERAL INFORMATION
fixed length control field 210210b1950 xxu||||| |||| 00| 0 eng d
040 ## - CATALOGING SOURCE
Transcribing agency AL
041 ## - LANGUAGE CODE
Language code of text/sound track or separate title eng
082 ## - DEWEY DECIMAL CLASSIFICATION NUMBER
Classification number 320/195
100 ## - MAIN ENTRY--PERSONAL NAME
Personal name GETTELL (Raymond Garfield)
9 (RLIN) 143975
245 ## - TITLE STATEMENT
Title Political science
260 ## - PUBLICATION, DISTRIBUTION, ETC.
Place of publication, distribution, etc. Calcutta
Name of publisher, distributor, etc. The World Press Private Ltd.,
Date of publication, distribution, etc. 1950
300 ## - PHYSICAL DESCRIPTION
Extent viii,504
650 ## - SUBJECT ADDED ENTRY--TOPICAL TERM
Topical term or geographic name entry element science
9 (RLIN) 143976
650 ## - SUBJECT ADDED ENTRY--TOPICAL TERM
Topical term or geographic name entry element Political
9 (RLIN) 143977
690 ## - LOCAL SUBJECT ADDED ENTRY--TOPICAL TERM (OCLC, RLIN)
Topical term or geographic name as entry element Political Science
9 (RLIN) 143978
906 ## - LOCAL DATA ELEMENT F, LDF (RLIN)
a 001946
942 ## - ADDED ENTRY ELEMENTS (KOHA)
Source of classification or shelving scheme Dewey Decimal Classification
Koha item type Book
Holdings
Withdrawn status Lost status Damaged status Not for loan Collection code Home library Current library Shelving location Date acquired Cost, normal purchase price Total Checkouts Full call number Barcode Date last seen Price effective from Koha item type
          St Aloysius Library St Aloysius Library   02/17/2021 0.00   320/194 001945 02/17/2021 02/17/2021 Book
          St Aloysius Library St Aloysius Library   02/17/2021 0.00   320/195 001946 02/17/2021 02/17/2021 Book